Statistics for What Shirt Number Does He Wear?

Click here to take the quiz!

General Stats

  • This quiz has been taken 19 times
  • The average score is 15 of 26

Answer Stats

HintAnswer% Correct
Lionel Messi10
100%
Cristiano Ronaldo7
100%
Kylian Mbappe7
80%
Erling Haaland9
80%
Vinicius Junior7
73%
Heung Min Son7
73%
Harry Kane9
73%
Robert Lewandowski9
73%
Kevin De Bruyne
17
67%
Phil Foden47
67%
Pedri8
67%
Declan Rice41
60%
Gianluigi Donnarumma99
60%
Lautaro Martinez10
53%
Thomas Muller25
53%
Lamine Yamal27
53%
Jude Bellingham5
53%
Bukayo Saka7
53%
Cole Palmer20
47%
Ronaldo Araujo4
47%
Bruno Fernandes8
47%
Florian Wirtz10
40%
Rafael Leao10
33%
Destiny Udogie38
33%
Jordan Henderson6
33%
Alphonso Davies23
27%

Score Distribution

Percentile by Number Answered

Percent of People with Each Score

Your Score History

You have not taken this quiz